Shakespeare and the stage : with a complete list of theatrical terms used by Shakespeare in his plays and poems /

Saved in:
Bibliographic Details
Main Author: Jonas, Maurice
Format: Book
Language:English
Published: Norwood, Pa. : Norwood Editions, 1976.
Subjects:
LEADER 01315nam a2200289 i 4500
001 c000144108
003 CARM
005 00000000000000.0
008 760805r19761918pauaf 00010 eng
019 1 |a 770765  |5 LACONCORD2021 
020 |a 0848212673  |b lib. bdg. 
035 |a (OCoLC)2401686  |5 LACONCORD2021 
043 |a e-uk-en 
050 1 0 |a PR3095  |b .J6 1976 
082 0 0 |a 792/.09421 
100 1 |a Jonas, Maurice. 
245 1 0 |a Shakespeare and the stage :  |b with a complete list of theatrical terms used by Shakespeare in his plays and poems /  |c arranged in alphabetical order & explanatory notes by Maurice Jonas. 
260 |a Norwood, Pa. :  |b Norwood Editions,  |c 1976. 
300 |a 406 p., [13] leaves of plates :  |b ill. ;  |c 23 cm. 
500 |a Includes reproductions of original title pages. 
500 |a Reprint of the 1918 ed. published by Davis and Orioli, London. 
600 1 0 |a Shakespeare, William,  |d 1564-1616  |x Stage history  |y To 1625. 
600 1 0 |a Shakespeare, William,  |d 1564-1616  |x Stage history  |z England  |z London. 
650 0 |a Theater  |z England  |z London  |x History. 
852 8 |b CARM  |h A2:AE34E0  |i C00790  |p 0049343  |f BK 
999 f f |i b6c4a806-7c96-55dd-80b3-a49e23865f72  |s 7e3ff10a-5b0e-5795-a5a7-45db199724be 
952 f f |p Can circulate  |a CAVAL  |b CAVAL  |c CAVAL  |d CARM 1 Store  |e C00790  |f A2:AE34E0  |h Other scheme  |i book  |m 0049343